10 Biggest cities in Russia - Statistics

General Stats
  • This quiz has been taken 172 times
  • The average score is 8 of 10
Answer Stats
Population Cities % Correct
10 381 222 Moscow
100%
5 028 000 Saint Petersburg
97%
1 349 772 Yekaterinburg
84%
1 104 738 Kazan
82%
1 419 007 Novosibirsk
81%
1 074 482 Rostov-on-Don
75%
1 129 281 Omsk
73%
1 284 164 Nizhny Novgorod
71%
1 134 730 Samara
67%
1 062 919 Chelyabinsk
53%
No matching quizzes found
Score Distribution
Percent of People with Each Score
Percentile by Number Answered
Your Score History
You have not taken this quiz